000 00856nam a2200229 a 4500
001 BRCA_6711
005 20190320205549.0
008 181011s1928----nyuc######---#000-0#eng-#
041 _aeng
044 _anyu
050 4 _aPZ3
_b.H676 13
_c1928
245 1 0 _aTrader Horn
_bbeing the life a works of Alfred Aloysius Horn: the works written by himself at the age of seventy three and the life, with such of his philosophy as is the gift of age & experience taken down here
_cand edited by Ethelreda Lewis; with a foreword by John Galsworthy
260 _aNueva York
_bSimon & Schuster
_c1928
300 _a302 p.
_bil., retratos
_c23 cm.
500 _aIncluye mapa de África
500 _aCon firma de Franz Mayer
500 _aI92
700 1 _aLewis, Ethelreda
_eEditor
_916764
700 1 _aGalsworthy, John
_916765
902 _aGFM
942 _2lcc
_cB
999 _c6394
_d6394